<?xml version="1.0" encoding="UTF-8"?>
<record
    xmlns:xsi="http://www.w3.org/2001/XMLSchema-instance"
    xsi:schemaLocation="http://www.loc.gov/MARC21/slim http://www.loc.gov/standards/marcxml/schema/MARC21slim.xsd"
    xmlns="http://www.loc.gov/MARC21/slim">

  <leader>01646nam a22002777a 4500</leader>
  <controlfield tag="003">OSt</controlfield>
  <controlfield tag="005">20240403093248.0</controlfield>
  <controlfield tag="008">230925s2022    ag ||||| |||| 00| 0 spa d</controlfield>
  <datafield tag="020" ind1=" " ind2=" ">
    <subfield code="a">9789501311389</subfield>
  </datafield>
  <datafield tag="040" ind1=" " ind2=" ">
    <subfield code="b">spa</subfield>
    <subfield code="c">besoc</subfield>
  </datafield>
  <datafield tag="245" ind1="0" ind2="0">
    <subfield code="a">Geograf&#xED;a :</subfield>
    <subfield code="b">del mundo /</subfield>
    <subfield code="c">Laura Dalterio ... [et al.]</subfield>
  </datafield>
  <datafield tag="250" ind1=" " ind2=" ">
    <subfield code="a">1a ed.</subfield>
  </datafield>
  <datafield tag="260" ind1=" " ind2=" ">
    <subfield code="a">Buenos Aires :</subfield>
    <subfield code="b">Kapelusz,</subfield>
    <subfield code="c">2022</subfield>
  </datafield>
  <datafield tag="300" ind1=" " ind2=" ">
    <subfield code="a">304 p.</subfield>
  </datafield>
  <datafield tag="505" ind1=" " ind2=" ">
    <subfield code="a">LA ORGANIACION POLITICA Y ECONOMICA DEL MUNDO ACTUAL--La geograf&#xED;a una ciencia social--Los estados y la organizaci&#xF3;n del espacio--El mundo en la globalizaci&#xF3;n--LAS BASES NATURALES DEL MUNDO--El planeta y sus bases naturales--Los recursos naturales en el mundo contempor&#xE1;neo--Los problemas ambientales en el mundo--LA POBLACION MUNDIAL Y SU CALIDAD DE VIDA--La poblaci&#xF3;n en el mundo actual--La modalidad geogr&#xE1;fica de la poblaci&#xF3;n--LOS ESPACIOS URBANOS Y RURALES--Lo urbano y lo rural en el mundo actual--Las ciudades del siglo XXI--Los espacios rurales en el siglo XXI--ATLAS DE LOS CONTINENTES--El continente mas extenso: Asia--El &#xC1;frica, cuna de la humanidad--Am&#xE9;rica, un continente muy variado--Europa, cuna de la civilizaci&#xF3;n occidental--Ocean&#xED;a, un continente formado por islas--La Ant&#xE1;rtida, un continente muy particular--</subfield>
  </datafield>
  <datafield tag="650" ind1=" " ind2="4">
    <subfield code="a">Geograf&#xED;a</subfield>
    <subfield code="x">Educaci&#xF3;n secundaria</subfield>
    <subfield code="x">Libros de texto</subfield>
  </datafield>
  <datafield tag="700" ind1="1" ind2=" ">
    <subfield code="a">Dalterio, Laura </subfield>
    <subfield code="e">autor</subfield>
  </datafield>
  <datafield tag="700" ind1="1" ind2=" ">
    <subfield code="a">L&#xF3;pez, Laura </subfield>
  </datafield>
  <datafield tag="700" ind1="1" ind2=" ">
    <subfield code="a">Mart&#xED;n, Julieta Paula</subfield>
    <subfield code="e">autor</subfield>
  </datafield>
  <datafield tag="700" ind1="1" ind2=" ">
    <subfield code="a">Rizzi, Anal&#xED;a</subfield>
    <subfield code="e">autor</subfield>
  </datafield>
  <datafield tag="700" ind1="1" ind2=" ">
    <subfield code="a">Rodr&#xED;guez Freiman, Diego</subfield>
    <subfield code="e">autor</subfield>
  </datafield>
  <datafield tag="700" ind1="1" ind2=" ">
    <subfield code="a">Sposob, Gustavo</subfield>
    <subfield code="e">autor</subfield>
  </datafield>
  <datafield tag="700" ind1="1" ind2=" ">
    <subfield code="a">Valverde, Santiago</subfield>
    <subfield code="e">autor</subfield>
  </datafield>
  <datafield tag="700" ind1="1" ind2=" ">
    <subfield code="a">Rovatti, Daniela</subfield>
    <subfield code="e">autor</subfield>
  </datafield>
  <datafield tag="942" ind1=" " ind2=" ">
    <subfield code="2">udc</subfield>
    <subfield code="c">LPD</subfield>
    <subfield code="n">0</subfield>
  </datafield>
  <datafield tag="999" ind1=" " ind2=" ">
    <subfield code="c">83</subfield>
    <subfield code="d">83</subfield>
  </datafield>
  <datafield tag="952" ind1=" " ind2=" ">
    <subfield code="0">0</subfield>
    <subfield code="1">0</subfield>
    <subfield code="2">udc</subfield>
    <subfield code="4">0</subfield>
    <subfield code="7">0</subfield>
    <subfield code="a">ESOCIALES</subfield>
    <subfield code="b">ESOCIALES</subfield>
    <subfield code="d">2023-09-25</subfield>
    <subfield code="l">2</subfield>
    <subfield code="o">911(07) G345</subfield>
    <subfield code="p">000797</subfield>
    <subfield code="r">2025-12-15 09:03:54</subfield>
    <subfield code="s">2025-09-10</subfield>
    <subfield code="w">2023-09-25</subfield>
    <subfield code="y">LPD</subfield>
  </datafield>
  <datafield tag="952" ind1=" " ind2=" ">
    <subfield code="0">0</subfield>
    <subfield code="1">0</subfield>
    <subfield code="2">udc</subfield>
    <subfield code="4">0</subfield>
    <subfield code="7">0</subfield>
    <subfield code="8">CG</subfield>
    <subfield code="a">ESOCIALES</subfield>
    <subfield code="b">ESOCIALES</subfield>
    <subfield code="d">2025-09-16</subfield>
    <subfield code="e">Donaci&#xF3;n 2025</subfield>
    <subfield code="l">0</subfield>
    <subfield code="o">911(07) G345</subfield>
    <subfield code="p">001457</subfield>
    <subfield code="r">2025-09-16 14:03:49</subfield>
    <subfield code="t">Ej. 2</subfield>
    <subfield code="w">2025-09-16</subfield>
    <subfield code="y">OG</subfield>
  </datafield>
</record>
